000 00556nam a2200205 4500
003 OSt
005 20240624075306.0
006 a
008 240624b |||||||| |||| 00| 0 eng d
020 _a978971272465
040 _aDWCL-Main lib.
_cOC
082 _aFil. 658.85 L298s 2010
100 _aLao, Felix, M. Jr.
245 _aSuccessful selling strategies /
260 _aPasig City :
_bAnvil Pub. , Inc. ,
_cc2010
300 _aix,
_b101 p. ;
_c22 cm.
650 _a1. Selling.
650 _a2. Sales management.
942 _2ddc
_n0
_cBK - FIL
_kFil.
999 _c1250
_d1250